MARC details
| 000 -LEADER |
| fixed length control field |
02783nam a2200517 i 4500 |
| 003 - CONTROL NUMBER IDENTIFIER |
| control field |
EG-ScBUE |
| 005 - DATE AND TIME OF LATEST TRANSACTION |
| control field |
20230905103449.0 |
| 008 - FIXED-LENGTH DATA ELEMENTS--GENERAL INFORMATION |
| fixed length control field |
190504s2019 e a f 001 0 eng d |
| 020 ## - INTERNATIONAL STANDARD BOOK NUMBER |
| International Standard Book Number |
9781789535303 |
| 040 ## - CATALOGING SOURCE |
| Original cataloging agency |
EG-ScBUE |
| Language of cataloging |
eng |
| Description conventions |
rda |
| Transcribing agency |
EG-ScBUE |
| Modifying agency |
EG-ScBUE |
| 082 04 - DEWEY DECIMAL CLASSIFICATION NUMBER |
| Edition number |
22 |
| Classification number |
794.81525 |
| Item number |
SHE |
| 100 1# - MAIN ENTRY--PERSONAL NAME |
| Personal name |
Shekar, Siddharth |
| Relator term |
Author |
| 245 10 - TITLE STATEMENT |
| Title |
C++ game development by example : |
| Remainder of title |
learn to build games and graphics with SFML, OpenGL, and Vulkan Using C++ programming / |
| Statement of responsibility, etc |
Siddharth Shekar. |
| 264 #1 - PUBLICATION, DISTRIBUTION, ETC. (IMPRINT) |
| Place of publication, distribution, etc |
Birmingham, UK : |
| Name of publisher, distributor, etc |
Packt Publishing Ltd., |
| Date of publication, distribution, etc |
2019. |
| 300 ## - PHYSICAL DESCRIPTION |
| Extent |
iv, 408 pages : |
| Other physical details |
illustrations ; |
| Dimensions |
24 cm |
| 336 ## - CONTENT TYPE |
| Source |
rdacontent |
| Content type term |
text |
| Content type code |
txt |
| 337 ## - MEDIA TYPE |
| Source |
rdamedia |
| Media type term |
unmediated |
| Media type code |
n |
| 338 ## - CARRIER TYPE |
| Source |
rdacarrier |
| Carrier type term |
volume |
| Carrier type code |
nc |
| 500 ## - GENERAL NOTE |
| General note |
Includes index.<br/> |
| 506 ## - RESTRICTIONS ON ACCESS NOTE |
| Terms governing access |
Available on campus and off campus with authorized login. |
| 521 ## - TARGET AUDIENCE NOTE |
| Target audience note |
Trade |
| Source |
Packt Publishing, Limited |
| 630 07 - SUBJECT ADDED ENTRY--UNIFORM TITLE |
| Uniform title |
C++ (Computer program language) |
| Source of heading or term |
BUEsh |
| 650 #7 - SUBJECT ADDED ENTRY--TOPICAL TERM |
| Topical term or geographic name as entry element |
Object-oriented programming languages. |
| Source of heading or term |
BUEsh |
| 650 #7 - SUBJECT ADDED ENTRY--TOPICAL TERM |
| Topical term or geographic name as entry element |
Computer games |
| General subdivision |
Design. |
| Source of heading or term |
BUEsh |
| 650 #7 - SUBJECT ADDED ENTRY--TOPICAL TERM |
| Topical term or geographic name as entry element |
Computer games |
| General subdivision |
Programming. |
| Source of heading or term |
BUEsh |
| 653 ## - INDEX TERM--UNCONTROLLED |
| Resource For college |
Arts and Design |
| Specialization |
Game Design |
| 655 ## - INDEX TERM--GENRE/FORM |
| Form subdivision |
Reading book |
| 856 40 - ELECTRONIC LOCATION AND ACCESS |
| Host name |
SOUTHEAST |
| Uniform Resource Identifier |
<a href="https://BZ6FJ9FL8E.search.serialssolutions.com/ejp/?libHash=BZ6FJ9FL8E#/search/?searchControl=title&searchType=title_code&criteria=TC_042471392">https://BZ6FJ9FL8E.search.serialssolutions.com/ejp/?libHash=BZ6FJ9FL8E#/search/?searchControl=title&searchType=title_code&criteria=TC_042471392</a> |
| 856 40 - ELECTRONIC LOCATION AND ACCESS |
| Host name |
BLOOMINGTON |
| Uniform Resource Identifier |
<a href="https://KG6EK7CQ2B.search.serialssolutions.com/ejp/?libHash=KG6EK7CQ2B#/search/?searchControl=title&searchType=title_code&criteria=TC_042471392">https://KG6EK7CQ2B.search.serialssolutions.com/ejp/?libHash=KG6EK7CQ2B#/search/?searchControl=title&searchType=title_code&criteria=TC_042471392</a> |
| 856 40 - ELECTRONIC LOCATION AND ACCESS |
| Host name |
EAST |
| Uniform Resource Identifier |
<a href="https://MN3KU4AR6Y.search.serialssolutions.com/ejp/?libHash=MN3KU4AR6Y#/search/?searchControl=title&searchType=title_code&criteria=TC_042471392">https://MN3KU4AR6Y.search.serialssolutions.com/ejp/?libHash=MN3KU4AR6Y#/search/?searchControl=title&searchType=title_code&criteria=TC_042471392</a> |
| 856 40 - ELECTRONIC LOCATION AND ACCESS |
| Host name |
NORTHWEST |
| Uniform Resource Identifier |
<a href="https://PS6EE4GK2T.search.serialssolutions.com/ejp/?libHash=PS6EE4GK2T#/search/?searchControl=title&searchType=title_code&criteria=TC_042471392">https://PS6EE4GK2T.search.serialssolutions.com/ejp/?libHash=PS6EE4GK2T#/search/?searchControl=title&searchType=title_code&criteria=TC_042471392</a> |
| 856 40 - ELECTRONIC LOCATION AND ACCESS |
| Host name |
IUPUI |
| Uniform Resource Identifier |
<a href="https://RX8KL6YF4X.search.serialssolutions.com/ejp/?libHash=RX8KL6YF4X#/search/?searchControl=title&searchType=title_code&criteria=TC_042471392">https://RX8KL6YF4X.search.serialssolutions.com/ejp/?libHash=RX8KL6YF4X#/search/?searchControl=title&searchType=title_code&criteria=TC_042471392</a> |
| 856 40 - ELECTRONIC LOCATION AND ACCESS |
| Host name |
KOKOMO |
| Uniform Resource Identifier |
<a href="https://TE6UZ4HK6Z.search.serialssolutions.com/ejp/?libHash=TE6UZ4HK6Z#/search/?searchControl=title&searchType=title_code&criteria=TC_042471392">https://TE6UZ4HK6Z.search.serialssolutions.com/ejp/?libHash=TE6UZ4HK6Z#/search/?searchControl=title&searchType=title_code&criteria=TC_042471392</a> |
| 856 40 - ELECTRONIC LOCATION AND ACCESS |
| Host name |
SOUTH BEND |
| Uniform Resource Identifier |
<a href="https://TT5XG8QF8P.search.serialssolutions.com/ejp/?libHash=TT5XG8QF8P#/search/?searchControl=title&searchType=title_code&criteria=TC_042471392">https://TT5XG8QF8P.search.serialssolutions.com/ejp/?libHash=TT5XG8QF8P#/search/?searchControl=title&searchType=title_code&criteria=TC_042471392</a> |
| 856 40 - ELECTRONIC LOCATION AND ACCESS |
| Host name |
COLUMBUS |
| Uniform Resource Identifier |
<a href="https://RX8KL6YF4X.search.serialssolutions.com/ejp/?libHash=RX8KL6YF4X#/search/?searchControl=title&searchType=title_code&criteria=TC_042471392">https://RX8KL6YF4X.search.serialssolutions.com/ejp/?libHash=RX8KL6YF4X#/search/?searchControl=title&searchType=title_code&criteria=TC_042471392</a> |
| 942 ## - ADDED ENTRY ELEMENTS (KOHA) |
| Source of classification or shelving scheme |
Dewey Decimal Classification |
| Koha item type |
Book - Borrowing |
| 949 ## - LOCAL PROCESSING INFORMATION (OCLC) |
| h |
seasebook |
| 949 ## - LOCAL PROCESSING INFORMATION (OCLC) |
| h |
wellsebook |
| 949 ## - LOCAL PROCESSING INFORMATION (OCLC) |
| h |
eaebook |
| 949 ## - LOCAL PROCESSING INFORMATION (OCLC) |
| h |
nwstebook |
| 949 ## - LOCAL PROCESSING INFORMATION (OCLC) |
| h |
ulebook |
| 949 ## - LOCAL PROCESSING INFORMATION (OCLC) |
| h |
kokoebook |
| 949 ## - LOCAL PROCESSING INFORMATION (OCLC) |
| h |
sbenebook |
| 949 ## - LOCAL PROCESSING INFORMATION (OCLC) |
| h |
coebook |